000 00526cam a22001932 4500
001 0000001885
005 20151217155814.0
008 070328s xx 000 0 eng d
040 _aKABU
_cKABU
050 0 _aDT443.3
_b.S86C67
100 1 _aCory, Hans.
_@0000150960
245 1 0 _aSukuma law and custom.
260 _aLondon :
_bOUP,
_c1953.
300 _axxiii, 194 p.
600 1 0 _aSukuma (African people)
_@0000150961
908 _a070328
950 _@1
999 _c12662
_d12662